00366pam a2200145 a 4500020000500000040002500005041001300030082001700043100002300060245005000083260003000133300001100163365001200174653003400186 c aMedical College Lib. aENGhENG a616.861bROS aRosalki, S. B. . aClinical Biochemistry / chTextual Documents a : bChurchill , c1984. a305:c a1050=00 aBiochemistryaMedical Science